17石川県の市町村 - Statistics

General Stats
  • This quiz has been taken 125 times
    121 since last reset
  • The average score is 12 of 19
Answer Stats
Answer % Correct
金沢市
97%
小松市
89%
白山市
89%
加賀市
88%
七尾市
87%
珠洲市
86%
輪島市
78%
野々市市
76%
羽咋市
74%
かほく市
72%
能美市
57%
羽咋郡宝達志水町
39%
河北郡津幡町
38%
河北郡内灘町
38%
羽咋郡志賀町
38%
鳳珠郡穴水町
37%
鳳珠郡能登町
37%
能美郡川北町
36%
鹿島郡中能登町
34%
No matching quizzes found
Score Distribution
Percent of People with Each Score
Percentile by Number Answered
Your Score History
You have not taken this quiz since the last reset